Dallas Trivia - Statistics

General Stats
  • This quiz has been taken 93 times
  • The average score is 4 of 15
Answer Stats
Hint Answer % Correct
Location of the annual Texas-OU football game Cotton Bowl
77%
This is one of three towns completely surrounded by Dallas Highland Park
61%
Number of Interstate Highways in the City of Dallas Five
59%
This is another one University Park
46%
Unofficial mascot of Dallas, originally standing atop the Magnolia Hotel Pegasus
34%
This famous architect designed 5 Dallas buildings, including City Hall and the Meyerson I.M. Pei
27%
You can drive any direction from downtown and run into this street Belt Line
24%
Year of a famous heat wave that set the record recorded high of 113 1980
23%
The DART Blue Line stretches from South Dallas to this suburb Rowlett
22%
The only collegiate Division I sports program within the City of Dallas DBU Patriots
12%
The Trinity River fork that runs north past Love Field Elm
11%
This is the final one Cockrell Hill
10%
An iconic statue at this Dallas attraction is the tallest in Texas Dallas Zoo
9%
This man is considered the founder of Dallas John Neely Bryan
6%
Location of the famous waterfall billboard Goat Hill
4%
No matching quizzes found
Score Distribution
Percent of People with Each Score
Percentile by Number Answered
Your Score History
You have not taken this quiz